Normal view
MARC view
Entry Personal Name
001 - CONTROL NUMBER
- control field: 10217
003 - CONTROL NUMBER IDENTIFIER
- control field: BD-RjUL
005 - DATE AND TIME OF LATEST TRANSACTION
- control field: 20231128115459.0
008 - FIXED-LENGTH DATA ELEMENTS
- fixed length control field: 231128|| aca||aabn | a|a d
040 ## - CATALOGING SOURCE
- Original cataloging agency: BD-RjUL
- Transcribing agency: BD-RjUL
100 ## - HEADING--PERSONAL NAME
- Personal name: Hurbis-Cherrier, Mick
670 ## - SOURCE DATA FOUND
- Source citation: Work cat.: (BD-RjUL)82359: Rabiger, Michael, author. 10215, Directing :